Mujer reposiciónate : (Registro nro. 13538)
[ vista simple ]
| 000 -LIDER | |
|---|---|
| fixed length control field | 00739nam a2200229 a 4500 |
| 003 - IDENTIFICACDOR DE NÚMERO DE CONTROL | |
| control field | DO-SdBNP |
| 005 - DATE AND TIME OF LATEST TRANSACTION | |
| control field | 20210527072704.0 |
| 008 - ELEMENTOS DE LONGITUD FIJA | |
| fixed length control field | 190717s2018 dr 000 spa d |
| 020 ## - ISBN | |
| International Standard Book Number | 9789945894752 |
| 040 ## - FUENTE DE CATALOGACIÓN | |
| Agencia que crea de manera original el registro | BPMSU |
| Idioma de catalogación | spa |
| Agencia que realiza la transcripción | BPMSU |
| 082 ## - NÚMERO DE CLASIFICACIÓN DECIMAL DE DEWEY | |
| Classification number | 158.1 |
| Item number | T384m 2018 |
| Edition number | 22 |
| 100 ## - ASIENTO PRINCIPAL -- NOMBRE PERSONAL | |
| Nombre personal | Then, Yesenia |
| 245 10 - MENCIÓN DE TITULO | |
| Título | Mujer reposiciónate : |
| Subtítulo | revela tu diseño y no dejes que nada te robe la esencia / |
| Mención de responsabilidad | Yesenia Then |
| 260 ## - PUBLICACIÓN, DISTRIBUCIÓN, ETC. (PIE DE IMPRENTA) | |
| Lugar de publicación, distribución, etc | Santo Domingo : |
| Nombre del editor, distribuidor, etc. | Graphic Colonial, |
| Fecha de publicación, distribución, etc | 2018. |
| 300 ## - DESCRIPCIÓN FÍSICA | |
| Extensión | 223 p.; |
| Dimensiones | 23 cm. |
| 500 ## - NOTA GENERAL | |
| Nota general | Incluye datos biográficos del autora en la solapa de la cubierta |
| 650 #4 - ENCABEZAMIENTO DE MATERIA--TEMÁTICO | |
| Término temático o nombre geográfico como elemento de entrada | Autoayuda y superación. |
| 650 #4 - ENCABEZAMIENTO DE MATERIA--TEMÁTICO | |
| Término temático o nombre geográfico como elemento de entrada | Psicología aplicada |
| 650 #4 - ENCABEZAMIENTO DE MATERIA--TEMÁTICO | |
| Término temático o nombre geográfico como elemento de entrada | Seguridad (Psicología) |
| 910 ## - VALIDACIÓN | |
| Validación | VMateo |
| 942 ## - ADDED ENTRY ELEMENTS (KOHA) | |
| Source of classification or shelving scheme | Dewey Decimal Classification |
| Koha item type | Libros |
| Withdrawn status | Lost status | Source of classification or shelving scheme | Damaged status | Not for loan | Collection code | Home library | Current library | Date acquired | Source of acquisition | Total Checkouts | Full call number | Barcode | Date last seen | Price effective from | Koha item type |
|---|---|---|---|---|---|---|---|---|---|---|---|---|---|---|---|
| Dewey Decimal Classification | Colección Dominicana | Biblioteca Pública Metropolitana Salomé Ureña | Biblioteca Pública Metropolitana Salomé Ureña | 05/26/2021 | Compra | BPMSU CD 158.1 T384m 2018 | BPMSU21050175 | 05/26/2021 | 05/26/2021 | Libros |